Prometeu acorrentado (Record no. 56842)

MARC details
000 -LÍDER
campo de controle de tamanho fixo 00348 a2200157 4500
001 - NÚMERO DE CONTROLE
campo de controle 56842
020 ## - ISBN - INTERNATIONAL STANDARD BOOK NUMBER
ISBN - International Standard Book Number 853225229X
040 ## - FONTE DA CATALOGAÇÃO
Instituição que transcreveu o registro Anchieta - Pituba
100 ## - ENTRADA PRINCIPAL--NOME PESSOAL
Nome pessoal Olivieri, Antonio Carlos
240 10 - TÍTULO UNIFORME
Título uniforme Prometeu acorrentado
Idioma da obra por
245 10 - TÍTULO
Título Prometeu acorrentado
300 ## - DESCRIÇÃO FÍSICA
Extensão 63
362 0# - DATAS DE PUBLICAÇÃO E/OU DESIGNAÇÃO SEQUENCIAL
Datas de publicação e/ou designação sequencial 2005
650 #4 - ASSUNTO--TERMO TÓPICO
Cabeçalho tópico ou nome geográfico Literatura juvenil
942 ## - ELEMENTOS DE ENTRADA ADICIONADOS (KOHA)
Tipo de material Koha Livros
Holdings
Situação do descarte Situação das perdas Situação física Não pode ser emprestado Biblioteca de origem Biblioteca atual Data de aquisição Total de empréstimos Número de chamada completo Código de barras Data de último acesso Data do preço efetivo Tipo de material Koha Fonte da classificação ou esquema de arquivamento na estante
        Colégio Anchieta - Pituba Colégio Anchieta - Pituba 21/11/2023   LJ 028.5 O49p OLI PRO 6524/PIT 21/11/2023 21/11/2023 Livros  
        Domus - Itaim Bibi Domus - Itaim Bibi 23/05/2024   790 O55p 9788563220677 23/05/2024 23/05/2024 Livros Classificação Decimal de Dewey